00568nam a22001697a 450000500170000001000130001702000260003003500110005603700130006708200070008010000320008724500600011924600520017926000520023127000920028330000230037520201023160825.0 aUR-10907 c400.00a9789389733075 aU-9462 bDBAD/PUB aن dپر تيبھا ر ا ۓ  aآ خر ی ا يشو ر cپر تيبھا ر ا ۓ  bAkhri Ishwar(Novel) (Urdu)aby Dr.Pratibha Rai aN.Delhi bEducational Publishing Housec2019 ء aH.O.D1/16,Ansari Road,Darya ganj,bN.Delhie110002k45678285,23216162l0091-11-23211540 a360 ص c22 Cm(Hb)